| 000 | 00859cam a2200241 a 4500 | ||
|---|---|---|---|
| 001 | 000012740 | ||
| 005 | 20200929163050.0 | ||
| 008 | 850801s1968 sp 001 0 spa | ||
| 035 | _a(DLC) 79215039 | ||
| 040 |
_aDO-SdBNP _bspa _cCarP _dDLC _dBNPHU |
||
| 082 |
_a346.07 _bB111e, 1968 |
||
| 100 | 1 |
_aBañales Baranda, Ramiro. _929508 |
|
| 245 | 1 | 0 |
_aEstructura del derecho empresarial / _cRamiro Bañales Baranda, José Luis Fernádez Ruiz. |
| 250 | _a2a ed. | ||
| 260 |
_aBilbáo, (España) : _bDeusto, _c1968. |
||
| 300 |
_a172 p. : _bil. ; _c22 cm. |
||
| 490 | 1 | _aManuales prácticos de gestión de empresas | |
| 650 | 4 |
_aDerecho comercial _xLegislacion _zEspaña _929509 |
|
| 700 | 1 |
_aFernando Ruiz, José Luis. _929510 |
|
| 830 | 0 |
_aManuales prácticos de gestión de empresas. _929511 |
|
| 910 | _aCatalogación derivada | ||
| 999 |
_a1 _n0000154 _c12391 _d12391 |
||
| 049 | _aBNGR | ||